Normal view
MARC view
- Guisasola, Adriana
Entry Personal Name
001 - CONTROL NUMBER
- control field: 120693
003 - CONTROL NUMBER IDENTIFIER
- control field: NUST
005 - DATE AND TIME OF LATEST TRANSACTION
- control field: 20240219113234.0
008 - FIXED-LENGTH DATA ELEMENTS
- fixed length control field: 240219|| aca||aabn | a|a d
040 ## - CATALOGING SOURCE
- Original cataloging agency: NUST
- Transcribing agency: NUST
100 ## - HEADING--PERSONAL NAME
- Personal name: Guisasola, Adriana
670 ## - SOURCE DATA FOUND
- Source citation: Work cat.: (NUST): Charleson, Andrew, author. 32168, Seismic isolation for architects /, 2017.
